000 01591nam a2200325Ia 4500
001 B0041
003 IT-RoPAU
008 130308s9999 xx 000 0 und d
040 _aIT-RoPAU
040 _cIT-RoPAU
041 _aITALIANO
100 _aAA.VV.
100 _gCodice Aut. SPICS: 12000
245 _aAntologia di testi
245 _bCosi' splendeva Olimpia-L'Arte, gli Eroi e gli dei Negli Antichi Giochi Olimpici
250 _a1a ed.
260 _aMILANO
260 _bMondadori
260 _c1985 [1° Ed.:1985 - Ed.Ling.Originale:1985]
300 _a"11 p. (prefazione: no ; testo: 11 [pagine: 145-155])"
500 _aAll'Origine dell'Agonistica Greca: Giochi Funebri per Patrocldall'Iliade di Omero: Prmi e inizi delle Gare, consiglio per la corsa dei Carri, Pugilato, Lotta, Corsa. Un Mito di Fondazione: Pelope, Ippodamia, Enomao. Storia delle Competizioni Olimpiche e del Programma. Multe e Irregolarità nelle Gare. Giuramento degli Atleti. Iscrizioni di Atleti Famosi: Eutimo di Locri, Teogene di Taso, Sostrato di Sicione, Agesistrato di Rodi, Publio Cornelio Ariston. presa in Giro dei Pugilatori. Critica All'Atletismo Greco. feste di Olimpia Come Luogo di presentazione dei Propri Scritti. Un Suicidio Durante le Olimpiadi del 167 D.C. impressioni immaginarie di un Barbaro che Vedegli Atleti greci All'Opera (Luciano di Samosata).
650 _aSAGGI SULLE ARTI VISIVE
650 _eCodice materia Spics: 5011
700 _aAmpolo Carmine
700 _gCodice Aut. SPICS: 36849
942 _cBK
957 _71
999 _c47368
_d47368
999 _bSI
999 _g1